000 00418 a2200181 4500
001 126170
020 _a9788596004879
040 _cEscola Canadense de Niteroi
100 _aSilas Martins Junqueira
245 1 0 _aFaça! Geografia: 3º ano - Parte 2
250 _a1 ed.
260 _aSão Paulo
300 _a144 p.
_bil.
362 0 _a2016
490 0 _aColeção Faça!
650 4 _aGeografia
942 _cBK
999 _c126170
_d126170